Gadamer on Context-Dependence (Record no. 531226)
[ view plain ]
| 000 -CABECERA | |
|---|---|
| Campo de control de longitud fija | 00450nab a2200145Ia 4500 |
| 003 - IDENTIFICADOR DEL NÚMERO DE CONTROL | |
| Campo de control | ES-SlBCS |
| 005 - FECHA Y HORA DE LA ÚLTIMA TRANSACCIÓN | |
| Campo de control | 20210601125507.0 |
| 008 - CÓDIGOS DE INFORMACIÓN DE LONGITUD FIJA | |
| Campo de control de longitud fija | 140529s2003 xxu||||| |||| 00| 0 eng d |
| 041 ## - CÓDIGO DE LENGUA | |
| Código de lengua del texto/banda sonora o título independiente | eng |
| 100 1# - PUNTO DE ACCESO PRINCIPAL-NOMBRE DE PERSONA | |
| Nombre de persona | Odenstedt, Anders |
| 9 (RLIN) | 159295 |
| 245 00 - MENCIÓN DE TÍTULO | |
| Título | Gadamer on Context-Dependence |
| Mención de responsabilidad, etc. | Anders Odenstedt |
| 600 04 - PUNTO DE ACCESO ADICIONAL DE MATERIA-NOMBRE DE PERSONA | |
| Nombre personal | Gadamer, Hans-Georg |
| Fechas asociadas con el nombre | , 1900-2002 |
| 9 (RLIN) | 3068 |
| 773 0# - ENLACE AL DOCUMENTO FUENTE | |
| Título | Review of Methaphysics |
| Parte(s) relacionada(s) | vol. 57/1, nº. 225, 2003, págs. 75-104 |
| Número de control del registro relacionado | Rev843 |
| 942 ## - ENTRADA DE ELEMENTOS AGREGADOS (KOHA) | |
| Koha [por defecto] tipo de item | Artículos de revista |
| Suprimido | Perdido | Estropeado | No para préstamo | Localización permanente | Localización actual | Localización en estantería | Fecha adquisición | Préstamos totales | Fecha última consulta | Fecha del precio de reemplazo | Tipo de item de Koha |
|---|---|---|---|---|---|---|---|---|---|---|---|
| San Esteban | San Esteban | Depósito de revistas | 11/07/2014 | 11/07/2014 | 11/07/2014 | Artículos de revista |
